A concise introduction to econometrics: an intuitive guide (Record no. 3056)

MARC details
000 -LEADER
fixed length control field 00492nam a2200169Ia 4500
020 ## - INTERNATIONAL STANDARD BOOK NUMBER
ISBN 0-521-52090-8
082 ## - DEWEY DECIMAL CLASSIFICATION NUMBER
Classification number 330.015195 FRA-;
100 ## - MAIN ENTRY--AUTHOR NAME
Personal name Franses, Philip Hans
245 #2 - TITLE STATEMENT
Title A concise introduction to econometrics: an intuitive guide
260 ## - PUBLICATION, DISTRIBUTION, ETC. (IMPRINT)
Place of publication Cambridge
Name of publisher Cambridge University Press
Year of publication 2002
300 ## - PHYSICAL DESCRIPTION
Number of Pages 117p.
504 ## - BIBLIOGRAPHY, ETC. NOTE
Bibliography, etc Includes index
650 ## - SUBJECT ADDED ENTRY--TOPICAL TERM
Topical Term Econometrics - Case studies
650 ## - SUBJECT ADDED ENTRY--TOPICAL TERM
Topical Term Economics, Mathematical
650 ## - SUBJECT ADDED ENTRY--TOPICAL TERM
Topical Term Economics - Mathematical models
942 ## - ADDED ENTRY ELEMENTS (KOHA)
Koha item type Books
Holdings
Withdrawn status Lost status Damaged status Not for loan Home library Current library Date acquired Bill Date Full call number Accession Number Price effective from Koha item type
        NASSDOC Library NASSDOC Library 09/09/2004 2004-10-05 330.015195 FRA-; 39013 18/04/2019 Books